The orgin and the history of mathesmatics/ (Record no. 37243)

MARC details
000 -LEADER
fixed length control field 00711nam a22002057a 4500
005 - DATE AND TIME OF LATEST TRANSACTION
control field 2010072206116.0
010 ## - LCCN (DPL NO)
LC control number ENG-96485
020 ## - INTERNATIONAL STANDARD BOOK NUMBER
International Standard Book Number 8187710187
Terms of availability 400.00
035 ## - SYSTEM CONTROL NUMBER
System control number EN-80018
037 ## - SOURCE OF ACQUISITION
Source of stock number/acquisition DBAD/PUB
082 ## - DEWEY DECIMAL CLASSIFICATION NUMBER
Classification number 232.9
100 ## - MAIN ENTRY--PERSONAL NAME
Personal name Lakshmikanathan, V .
245 ## - TITLE STATEMENT
Title The orgin and the history of mathesmatics/
Statement of responsibility, etc by V Lakshmikanthan
260 ## - PUBLICATION, DISTRIBUTION, ETC. (IMPRINT)
Place of publication, distribution, etc Newyork
Name of publisher, distributor, etc Dilip and Dipika Doctor
Date of publication, distribution, etc n.d
270 ## - ADDRESS
Address H.O.1051, sec 1,rohtak
City Haryana
300 ## - PHYSICAL DESCRIPTION
Extent 182p.
Dimensions 22cm (Hb)
700 ## - ADDED ENTRY--PERSONAL NAME
Personal name Devi,asundhara V
9 (RLIN) 769
942 ## - ADDED ENTRY ELEMENTS (KOHA)
Source of classification or shelving scheme Dewey Decimal Classification
Item type English Books
Classification part 232.9
Call number suffix LAK
Holdings
Withdrawn status Lost status Not for loan Collection code Home library Current library Date acquired Cost, normal purchase price Full call number Barcode Cost, replacement price Koha item type
      Non-fiction D.B.Act.Division D.B.Act.Division 30/07/2010 400.00 232.9 LAK EN-80018 400.00 English Books

© Delhi Public Library
Hit Counter
free hit counter